Los lenguajes del símbolo (Record no. 66662)

MARC details
000 -LEADER
campo de control de longitud fija 01056nam a2200277 i 4500
001 - NÚMERO DE CONTROL
campo de control 66662
003 - IDENTIFICADOR DE NÚMERO DE CONTROL
campo de control ES-MaACL
005 - FECHA Y HORA DE LA ÚLTIMA TRANSACCIÓN
campo de control 20230906165749.0
007 - CAMPO FIJO DE DESCRIPCIÓN FÍSICA--INFORMACIÓN GENERAL
campo de control de longitud fija t|
008 - DATOS DE LONGITUD FIJA--INFORMACIÓN GENERAL
campo de control de longitud fija 020326s2001 sp ||||0| spa d
020 ## - NÚMERO INTERNACIONAL ESTÁNDAR DEL LIBRO
Número Internacional Estándar del Libro 84-7658-602-7
080 ## - NÚMERO DE LA CLASIFICACIÓN DECIMAL UNIVERSAL
Número de la Clasificación Decimal Universal 801.73
245 04 - MENCIÓN DEL TÍTULO
Título Los lenguajes del símbolo
Resto del título : investigaciones de hermenéutica simbólica /
Mención de responsabilidad, etc. Blanca Solares (coord.) ; Mª Esther Aguirre Lora ... [et al.].
250 ## - MENCION DE EDICION
Mención de edición 1ª ed.
260 ## - PUBLICACIÓN, DISTRIBUCIÓN, ETC.
Lugar de publicación, distribución, etc. Rubí (Barcelona) :
Nombre del editor, distribuidor, etc. Anthropos ;
Lugar de publicación, distribución, etc. [México] :
Nombre del editor, distribuidor, etc. Centro Regional de Investigaciones Multidisciplinarias, Universidad Nacional Autónoma de México,
Fecha de publicación, distribución, etc. 2001.
300 ## - DESCRIPCIÓN FÍSICA
Extensión 303 p. :
Otras características físicas il. ;
Dimensiones 20 cm.
490 1# - MENCIÓN DE SERIE
Mención de serie Autores, textos y temas. Hermeneusis ;
Designación de volumen o secuencia 17
504 ## - NOTA DE BIBLIOGRAFÍA, ETC.
Nota de bibliografía, etc. Bibliografía.
650 #4 - PUNTO DE ACCESO ADICIONAL DE MATERIA--TÉRMINO DE MATERIA
Término de materia o nombre geográfico como elemento de entrada Hermenéutica.
9 (RLIN) 13329
700 1# - ENTRADA AGREGADA--NOMBRE PERSONAL
Nombre de persona Solares, Blanca.
9 (RLIN) 107101
700 1# - ENTRADA AGREGADA--NOMBRE PERSONAL
Nombre de persona Aguirre Lora, María Esther.
9 (RLIN) 18883
710 2# - ENTRADA AGREGADA--NOMBRE DE ENTIDAD CORPORATIVA
Nombre de entidad corporativa o nombre de jurisdicción como elemento de entrada Universidad Nacional Autónoma de México.
9 (RLIN) 7397
830 0# - PUNTO DE ACCESO ADICIONAL DE SERIE-TÍTULO UNIFORME
Título uniforme Autores, textos y temas. Hermeneusis ;
Designación de volumen o secuencia 17
9 (RLIN) 177421
852 ## - LOCALIZACIÓN
Ubicación ES-MaACL
Número de control de estantería L-27184
Holdings
Estatus retirado Estado de pérdida Estado de daño No para préstamo Biblioteca de origen Biblioteca actual Ubicación en estantería Fecha de adquisición Fuente de adquisición Total de préstamos Signatura topográfica completa Código de barras Visto por última vez Precio de reemplazo Tipo de ítem Koha
        Biblioteca del Ateneo de Madrid Biblioteca del Ateneo de Madrid Depósito 2 17/01/2008     L-27184 1069827 23/02/2023 23/02/2023 Libro impreso